| 000 | 00919nam a22002897a 4500 | ||
|---|---|---|---|
| 999 |
_c17827 _d17799 |
||
| 003 | EG-ScBUE | ||
| 005 | 20210209104953.0 | ||
| 008 | 131210s2013 ua g 000 f ara d | ||
| 017 | _a2013 / 11709 | ||
| 020 | _a9789770932445 | ||
| 040 |
_aEG-ScBUE _bara _erda _cEG-ScBUE _dEG-ScBUE |
||
| 082 | 0 | 4 |
_a892.737 _bك م ا _222 |
| 100 | 1 |
_aكمال، حسن، _eمؤلف. |
|
| 245 | 1 | 2 |
_aالمرحوم / _cحسن كمال. |
| 246 | 3 | 4 |
_aالمرحوم : _bرواية |
| 250 | _aالطبعة الأولى. | ||
| 264 | 1 |
_aالقاهرة : _bدار الشروق، _c2013. |
|
| 300 |
_a362 صفحة ؛ _c20 سم |
||
| 336 |
_aنص _btxt _2rdacontent |
||
| 337 |
_aبدون وسيط _bn _2rdamedia |
||
| 338 |
_aمجلد _bnc _2rdacarrier |
||
| 590 | _aBook for the road program. | ||
| 650 | 7 |
_aالقصص العربية _yقرن 21. _2BUEsh |
|
| 651 | _2BUEsh | ||
| 653 |
_bARALIT _bGGEN _cDecember2013 |
||
| 942 |
_2ddc _cBB |
||